Novácke chemické závody, akciová spoločnosť výročná správa 2001

Na minha lista:
Detalhes bibliográficos
Formato: Livro
Idioma:eslovaco
inglês
Publicado em: Nováky Novácke chemické závody, a.s. 2002
Assuntos:
Tags: Adicionar Tag
Sem tags, seja o primeiro a adicionar uma tag!

MARC

LEADER 00000nam$a2200000$$$4500
001 0003875
005 20240108123742.0
041 0 |a slo 
041 0 |a eng 
044 |a SK 
245 1 0 |a Novácke chemické závody, akciová spoločnosť  |b výročná správa 2001 
264 1 |a Nováky  |b Novácke chemické závody, a.s.  |c 2002 
300 |a 40 s. 
610 2 0 |a priemysel chemický 
610 2 0 |a stratégia podniková 
610 2 0 |a štruktúra organizačná 
610 2 0 |a predstavenstvo 
610 2 0 |a výsledok hospodársky 
610 2 0 |a výkazy finančné 
610 2 0 |a audit